Every Premier League Club's Top Goalscorer - Statistics

General Stats
  • This quiz has been taken 24 times
  • The average score is 19 of 51
Answer Stats
Club Goals Answer % Correct
Arsenal 175 Thierry Henry
100%
Blackburn Rovers 112 Alan Shearer
95%
Newcastle United 148 Alan Shearer
95%
Manchester United 183 Wayne Rooney
95%
Tottenham Hotspur 213 Harry Kane
90%
Manchester City 184 Sergio Agüero
90%
Chelsea 147 Frank Lampard
85%
Leicester City 136 Jamie Vardy
85%
Liverpool 142 Mohamed Salah
85%
Brentford 32 Ivan Toney
65%
Southampton 100 Matt Le Tissier
60%
Stoke City 45 Peter Crouch
60%
Burnley 49 Chris Wood
55%
Aston Villa 73 Gabriel Agbonlahor
55%
Wolverhampton Wanderers 40 Raúl Jiménez
55%
Everton 68 Romelu Lukaku
50%
Crystal Palace 68 Wilfried Zaha
50%
Coventry City 61 Dion Dublin
45%
Luton Town 3 Carlton Morris
40%
QPR 60 Les Ferdinand
40%
West Ham United 63 Michail Antonio
40%
Brighton & Hove Albion 28 Glenn Murray
35%
Sunderland 61 Kevin Phillips
35%
Watford 47 Troy Deeney
35%
AFC Bournemouth 48 Joshua King
30%
Leeds United 59 Mark Viduka
30%
Bolton Wanderers 68 Kevin Davies
25%
Fulham 50 Clint Dempsey
20%
Blackpool 13 DJ Campbell
20%
Oldham Athletic 16 Graeme Sharp
20%
Ipswich Town 25 Marcus Stewart
20%
Birmingham City 29 Mikael Forssell
20%
Sheffield United 15 Brian Deane
15%
Nottingham Forest 24 Bryan Roy
15%
Norwich City 33 Chris Sutton
15%
Wimbledon 58 Dean Holdsworth
15%
Portsmouth 28 Yakubu
15%
Derby County 32 Dean Sturridge
10%
Bradford City 13 Dean Windass
10%
Swindon Town 12 Jan Åge Fjørtoft
10%
Reading 19 Kevin Doyle
10%
Sheffield Wednesday 48 Mark Bright
10%
Hull City 12 Nikica Jelavić
10%
West Bromwich Albion 30 Peter Odemwingie
10%
Swansea City 34 Gylfi Sigurðsson
5%
Barnsley 10 Neil Redfearn
5%
Middlesbrough 31 Hamilton Richard
0%
Wigan Athletic 24 Hugo Rodallega
0%
Charlton Athletic 34 Jason Eull
0%
Cardiff City 7 Jordon Mutch
0%
Huddersfield Town 9 Steve Mounié
0%
No matching quizzes found
Score Distribution
Percent of People with Each Score
Percentile by Number Answered
Your Score History
You have not taken this quiz